Programación en Java 2: algoritmos, estructuras de datos y programación orientada a objetos
Spremljeno u:
| Glavni autori: | , |
|---|---|
| Format: | Knjiga |
| Jezik: | španjolski |
| Izdano: |
Madrid
McGraw Hill Interamericana
2002
|
| Teme: | |
| Oznake: |
Dodaj oznaku
Bez oznaka, Budi prvi tko označuje ovaj zapis!
|
MARC
| LEADER | 00000nam a2200000 a 4500 | ||
|---|---|---|---|
| 001 | UCM9397 | ||
| 003 | CL-VaPUC | ||
| 008 | 030425e20020000SP |||||||||||||||||spa|d | ||
| 020 | |a 8448132904 | ||
| 082 | 0 | 4 | |a 005.117 |b JOY |2 21 |
| 100 | |a Joyanes Aguilar, Luis |e author |9 582884 | ||
| 700 | 0 | |a Zahonero Martínez, Ignacio |e author |9 475895 | |
| 245 | 1 | 0 | |a Programación en Java 2: algoritmos, estructuras de datos y programación orientada a objetos |
| 300 | |a 725 p | ||
| 942 | |c BK | ||
| 945 | |d 20030425 00:00:00 |a vberengu | ||
| 260 | |a Madrid |b McGraw Hill Interamericana |c 2002 | ||
| 650 | 0 | |a Programación orientada al objeto |9 387863 | |
| 650 | 0 | |a Lenguajes de programación |9 259458 | |
| 650 | 7 | |a JAVA 2 |2 CL-VaPUC |9 468810 | |
| 583 | |a last modification |c 20030425 00:00:00 |k Rodrigo Vera | ||
| 999 | |c 303667 |d 303665 | ||
| 952 | |0 0 |1 0 |4 0 |6 005_117000000000000_JOY_2002 |7 0 |8 A |9 365133 |a BIBING |b BIBING |d 2019-11-21 |i 3899381 |l 1 |o 005.117 JOY 2002 |p 3899381 |r 2025-01-20 |s 2023-09-21 |w 2019-11-21 |y BK |k EIE | ||
| 952 | |0 0 |1 0 |4 0 |6 005_117000000000000_JOY_2002 |7 0 |8 A |9 365134 |a BIBING |b BIBING |d 2019-11-21 |i 4009371 |l 2 |o 005.117 JOY 2002 |p 4009371 |r 2025-01-20 |s 2022-08-12 |w 2019-11-21 |y BK |k ING | ||